3DSに購入時からあるソフト - Statistics

General Stats
  • This quiz has been taken 157 times
  • The average score is 5 of 12
Answer Stats
Answer % Correct
顔シューティング
84%
ニンテンドー3DSカメラ
63%
本体設定
55%
ニンテンドーeショップ
48%
すれちがいMii広場
46%
ニンテンドー3DSサウンド
42%
ARゲームズ
39%
Miiスタジオ
39%
安全に使用するために
29%
ダウンロードプレイ
20%
ニンテンドーゾーン
16%
思い出きろく帳
14%
No matching quizzes found
Score Distribution
Percent of People with Each Score
Percentile by Number Answered
Your Score History
You have not taken this quiz